Germany’s Neighbours - Sudden Death - Statistics

General Stats
  • This quiz has been taken 942 times
  • The average score is 7 of 9
Answers on the Grid
Answers color-coded by a green-red scale on the quiz's grid according to % correct below.
Andorra
Austria
Belgium
Czech Republic
Denmark
Estonia
France
Hungary
Italy
Liechtenstein
Luxembourg
Malta
Netherlands
Poland
Russia
San Marino
Slovakia
Slovenia
Spain
Switzerland
 
Answer Stats
Answer % Correct
Austria
86%
France
85%
Belgium
78%
Denmark
78%
Czech Republic
74%
Poland
69%
Netherlands
67%
Luxembourg
59%
Switzerland
58%
No matching quizzes found
Score Distribution
Percent of People with Each Score
Percentile by Number Answered
Your Score History
You have not taken this quiz